000
00284nam a22001337a 4500
020
_a
1-8442-2621-2
082
_a
425
_b
MIL/W
100
_a
MILFORD ALISON
245
_a
WRITING FOR SCHOOL
260
_a
LONDON
_b
LADYBIRD
300
_a
31
650
_a
ENGLISH BOOK
_z
LONDON
942
_c
BK
999
_c
1829
_d
1829